Algunas consideraciones sobre la ética de los partidos políticos /

Salvato in:
Dettagli Bibliografici
Autore principale: Mena Keymer, Carlos Eduardo
Natura: testo
Tags: Aggiungi Tag
Nessun Tag, puoi essere il primo ad aggiungerne!!

MARC

LEADER 00000 a a2200000 04500
001 4344
003
040
100 |a Mena Keymer, Carlos Eduardo  
245 |a Algunas consideraciones sobre la ética de los partidos políticos /  |c Carlos Eduardo Mena Keymer 
773 |g número 45; páginas 33-62  
999 |c 21861  |d 21861